Library of the University of Algiers 3
Ibrahim Sultan Cheibout
شعار جامعة الجزائر 3
مكتبة جامعة الجزائر 3
إبراهيم سلطان شيبوط

المحاسبة المتوسطة(1) : (رقم التسجيلة. 42597)

تفاصيل مارك
000 -LEADER
fixed length control field 01373nam a2200229Ia 4500
003 - CONTROL NUMBER IDENTIFIER
control field Ost
005 - DATE AND TIME OF LATEST TRANSACTION
control field 20260507075047.0
008 - FIXED-LENGTH DATA ELEMENTS--GENERAL INFORMATION
fixed length control field 260507s9999||||xx |||||||||||||| ||und||
040 ## - CATALOGING SOURCE
Transcribing agency fsecg
041 ## - LANGUAGE CODE
Language code of text/sound track or separate title ara
100 ## - MAIN ENTRY--PERSONAL NAME
Personal name نور، أحمد محمد
Relator term مؤلف
245 #0 - TITLE STATEMENT
Title المحاسبة المتوسطة(1) :
Remainder of title مشاكل قياس الدخل والمحاسبة والإفصاح عن الأصول قصيرة الأجل /
Statement of responsibility, etc. أحمد محمد نور
260 ## - PUBLICATION, DISTRIBUTION, ETC.
Place of publication, distribution, etc. الإسكندرية:
Name of publisher, distributor, etc. الدار الجامعية,
Date of publication, distribution, etc. 2003
300 ## - PHYSICAL DESCRIPTION
Extent 429 صفحة؛
Other physical details إيضاحات ؛
Dimensions 24 سم
520 ## - SUMMARY, ETC.
Summary, etc. الإطار الفكري للمحاسبة المالية-تحقق الإيرادات والمصروفات وقياس صافي أو خسارة الفترة وفقا لمعايير المحاسبة المصرية والدولية-في الميزانية العمومية وجرد وتقييم الأصول المتداولة وفقا لمعاييرالمحاسبة المصرية والدولية في بعض المشاكل المرتبطة بالمخزون"مشاكل بضاعة الأمانة"
653 ## - INDEX TERM--UNCONTROLLED
Uncontrolled term الدخل
653 ## - INDEX TERM--UNCONTROLLED
Uncontrolled term المحاسبة
653 ## - INDEX TERM--UNCONTROLLED
Uncontrolled term الميزانية
700 ## - ADDED ENTRY--PERSONAL NAME
Personal name أبو المكارم، وصفي عبد الفتاح
Relator term مؤلف ثانوي
700 ## - ADDED ENTRY--PERSONAL NAME
Personal name السيد شحاتة، شحاتة
Relator term مؤلف ثانوي
942 ## - ADDED ENTRY ELEMENTS (KOHA)
Koha item type كتب
المقتنيات
Withdrawn status Lost status Source of classification or shelving scheme Damaged status Not for loan Home library Current library Date acquired Serial enumeration / chronology Inventory number Total checkouts Full call number Barcode Date last seen Price effective from Koha item type
    Dewey Decimal Classification   NOT LOAN / إعارة داخلية مكتبة كلية العلوم الإقتصادية والعلوم التجارية وعلوم التسيير مكتبة كلية العلوم الإقتصادية والعلوم التجارية وعلوم التسيير 07/05/2026 الطابق الأرضي 452/1   أ/452ن1 452/1 07/05/2026 07/05/2026 كتب
    Dewey Decimal Classification   Available مكتبة كلية العلوم الإقتصادية والعلوم التجارية وعلوم التسيير مكتبة كلية العلوم الإقتصادية والعلوم التجارية وعلوم التسيير 07/05/2026 الطابق الثاني 452/2   أ/452ن2 452/2 07/05/2026 07/05/2026 كتب

موارد الويب المفتوحة


© University of Algiers 3 All Rights Reserved
|
Implemented by LECHELAH Riad